Alphabetical Cities (US) Quiz Stats

 Plays Quiz Updated Jun 19, 2018

Score 0/125 Timer 15:00
4 Plays Today
Letter City % Correct
NNew York City, NY
95.6%
LLos Angeles, CA
92.1%
CChicago, IL
91.6%
BBoston, MA
91%
DDallas, TX
88.3%
AAtlanta, GA
87%
SSan Francisco, CA
86.6%
HHouston, TX
86%
SSan Diego, CA
84.7%
MMiami, FL
83.8%
PPhiladelphia, PA
83.6%
SSeattle, WA
83.3%
DDetroit, MI
82.1%
DDenver, CO
81.9%
WWashington, DC
80.1%
IIndianapolis, IN
78.8%
JJackson, MS
78.7%
PPhoenix, AZ
78.4%
LLas Vegas, NV
77.5%
AAustin, TX
77.4%
KKansas City, MO
76.9%
KKansas City, KS
76.9%
PPittsburgh, PA
75.7%
NNew Orleans, LA
74.4%
BBaltimore, MD
74%
PPortland, OR
73.6%
CCleveland, OH
73.5%
SSan Antonio, TX
73.5%
JJacksonville, FL
72.7%
OOrlando, FL
71.5%
MMinneapolis, MN
71.2%
NNashville, TN
69.7%
OOklahoma City, OK
69.1%
CColumbus, OH
67.7%
MMemphis, TN
64.8%
TTampa, FL
64.6%
RRaleigh, NC
63.3%
SSan Jose, CA
60.2%
BBuffalo, NY
59.4%
CCharlotte, NC
57.5%
HHonolulu, HI
55.2%
MMilwaukee, WI
55%
Letter City % Correct
FFort Worth, TX
54.3%
RRichmond, VA
53.1%
LLouisville, KY
52.6%
NNewark, NJ
51.4%
BBirmingham, AL
50.9%
AAlbuquerque, NM
50.7%
EEl Paso, TX
50.7%
OOmaha, NE
49.7%
DDes Moines, IA
48.7%
OOakland, CA
48%
RReno, NV
46.1%
TTucson, AZ
43.5%
TTulsa, OK
42.5%
AAnaheim, CA
40.6%
VVirginia Beach, VA
40.4%
RRochester, NY
39.2%
JJersey City, NJ
37.7%
LLexington, KY
37.6%
KKnoxville, TN
37%
CColorado Springs, CO
36.3%
FFresno, CA
35.8%
AArlington, TX
34.4%
WWichita, KS
32.3%
TTacoma, WA
31.2%
TToledo, OH
30.8%
DDurham, NC
30.6%
YYonkers, NY
30.5%
QQuincy, MA
30.4%
QQuincy, IL
30.4%
QQuincy, FL
30.4%
FFort Wayne, IN
29.2%
EEugene, OR
27.7%
GGreensboro, NC
27.5%
NNorfolk, VA
27.5%
LLong Beach, CA
27%
MMesa, AZ
26%
BBakersfield, CA
25.9%
YYoungstown, OH
25.4%
GGlendale, AZ
25.1%
GGlendale, CA
25.1%
UUtica, NY
21%
RRiverside, CA
21%
Letter City % Correct
YYuma, AZ
20.9%
ZZion, IL
20.8%
WWorcester, MA
19.9%
IIrvine, CA
19.5%
IIrving, TX
18.6%
WWinston-Salem, NC
18.4%
PPlano, TX
17.7%
HHenderson, NV
16.9%
VVancouver, WA
16.5%
HHialeah, FL
15.5%
ZZanesville, OH
14.9%
FFremont, CA
14.7%
GGarland, TX
14.5%
EElizabeth, NJ
14.4%
UUnion City, CA
14.3%
UUnion City, NJ
14.3%
JJoliet, IL
13.9%
YYakima, WA
12.9%
GGilbert, AZ
11.6%
HHuntington Beach, CA
11.3%
OOxnard, CA
10.7%
ZZionsville, IN
10.6%
IIndependence, MO
10.4%
EEscondido, CA
9.9%
UUrbana, IL
9.9%
WWarren, MI
9.8%
UUpland, CA
9.4%
FFontana, CA
9.1%
EElk Grove, CA
8.7%
JJonesboro, AR
8.7%
KKenosha, WI
8.7%
IInglewood, CA
8.5%
KKilleen, TX
8.4%
VVallejo, CA
8.4%
VVictorville, CA
8.4%
ZZachary, LA
8.3%
YYuba City, CA
8.3%
ZZephyrhills, FL
8.2%
QQuakertown, PA
8.1%
VVisalia, CA
8%
QQueen Creek, AZ
6.6%

You're not logged in!

Compare scores with friends on all Sporcle quizzes.
OR
Log In

Sporcle TV

Today on Sporcle TV


Watch our educational content, quiz creation guides, and fun videos on Sporcle TV.

Show Comments

Extras

Top Quizzes Today


Score Distribution

Your Account Isn't Verified!

In order to create a playlist on Sporcle, you need to verify the email address you used during registration. Go to your Sporcle Settings to finish the process.

Report this User

Report this user for behavior that violates our Community Guidelines.

Details: